福井県の市町村(1960年) - Statistics

General Stats
  • This quiz has been taken 46 times
  • The average score is 33 of 41
Answer Stats
No. 市町村 備考 % Correct
1 福井市
100%
2 敦賀市
100%
3 武生市 2005年消滅
97%
4 小浜市
97%
5 大野市
97%
7 鯖江市
97%
6 勝山市
93%
18 坂井郡 丸岡町 2006年消滅
93%
15 坂井郡 三国町 2006年消滅
90%
16 坂井郡 芦原町 2004年消滅
90%
19 坂井郡 春江町 2006年消滅
90%
40 大飯郡 高浜町
90%
41 大飯郡 大飯町 2006年消滅
90%
23 大野郡 和泉村 2005年消滅
87%
34 南条郡 今庄町 2005年消滅
87%
17 坂井郡 金津町 2004年消滅
83%
25 今立郡 池田村 1964年昇格
83%
28 丹生郡 越前町
83%
36 三方郡 三方町 2005年消滅
83%
24 今立郡 今立町 2005年消滅
80%
29 丹生郡 越廼村 2006年消滅
80%
37 三方郡 美浜町
80%
12 吉田郡 松岡町 2006年消滅
77%
20 坂井郡 坂井村 1961年昇格
77%
26 丹生郡 朝日町 2005年消滅
77%
27 丹生郡 宮崎村 2005年消滅
77%
31 丹生郡 織田町 2005年消滅
77%
33 南条郡 南条村 1964年昇格
77%
35 南条郡 河野村 2005年消滅
77%
38 遠敷郡 上中町 2005年消滅
77%
39 遠敷郡 名田庄村 2006年消滅
77%
9 足羽郡 美山村 1964年昇格
73%
10 吉田郡 森田町 1967年消滅
73%
14 吉田郡 上志比村 2006年消滅
73%
32 丹生郡 清水町 2006年消滅
73%
8 足羽郡 足羽町 1971年消滅
70%
13 吉田郡 志比村 1962年昇格
63%
21 坂井郡 川西町 1967年消滅
57%
22 大野郡 西谷村 1970年消滅
57%
30 丹生郡 殿下村 1963年消滅
53%
11 吉田郡 藤岡村 1961年消滅
50%
No matching quizzes found
Score Distribution
Percent of People with Each Score
Percentile by Number Answered
Your Score History
You have not taken this quiz